<?xml version="1.0" encoding="UTF-8"?><?xml-stylesheet type="text/xsl" href="static/style.xsl"?><OAI-PMH xmlns="http://www.openarchives.org/OAI/2.0/" xmlns:xsi="http://www.w3.org/2001/XMLSchema-instance" xsi:schemaLocation="http://www.openarchives.org/OAI/2.0/ http://www.openarchives.org/OAI/2.0/OAI-PMH.xsd"><responseDate>2026-04-13T07:03:05Z</responseDate><request verb="GetRecord" identifier="oai:www.recercat.cat:2072/406210" metadataPrefix="marc">https://recercat.cat/oai/request</request><GetRecord><record><header><identifier>oai:recercat.cat:2072/406210</identifier><datestamp>2026-03-23T00:04:49Z</datestamp><setSpec>com_2072_98</setSpec><setSpec>col_2072_378192</setSpec></header><metadata><record xmlns="http://www.loc.gov/MARC21/slim" xmlns:dcterms="http://purl.org/dc/terms/" xmlns:xsi="http://www.w3.org/2001/XMLSchema-instance" xmlns:doc="http://www.lyncode.com/xoai" xsi:schemaLocation="http://www.loc.gov/MARC21/slim http://www.loc.gov/standards/marcxml/schema/MARC21slim.xsd">
   <leader>00925njm 22002777a 4500</leader>
   <datafield ind2=" " ind1=" " tag="042">
      <subfield code="a">dc</subfield>
   </datafield>
   <datafield ind2=" " ind1=" " tag="720">
      <subfield code="a">Pérez de Eulate González, Lourdes</subfield>
      <subfield code="e">author</subfield>
   </datafield>
   <datafield ind2=" " ind1=" " tag="720">
      <subfield code="a">Llorente Cámara, Enrique</subfield>
      <subfield code="e">author</subfield>
   </datafield>
   <datafield ind2=" " ind1=" " tag="720">
      <subfield code="a">Gavidia Catalán, Valentín</subfield>
      <subfield code="e">author</subfield>
   </datafield>
   <datafield ind2=" " ind1=" " tag="720">
      <subfield code="a">Caurín, Carlos</subfield>
      <subfield code="e">author</subfield>
   </datafield>
   <datafield ind2=" " ind1=" " tag="720">
      <subfield code="a">Martínez, Mª José</subfield>
      <subfield code="e">author</subfield>
   </datafield>
   <datafield ind2=" " ind1=" " tag="260">
      <subfield code="c">2015</subfield>
   </datafield>
   <datafield ind2=" " ind1=" " tag="520">
      <subfield code="a">Este trabajo pretende identificar los problemas más relevantes para la educación obligatoria en el campo de la alimentación y la actividad física desde el punto de vista de la educación para la salud. Para ello, se realizó una revisión bibliográfica y una consulta a expertos a través de un estudio Delphi y de un encuentro presencial. Esta combinación ha permitido consensuar entre diferentes sectores profesionales no solamente una lista de problemas y contenidos competenciales necesarios sino también aquéllos considerados como prescindibles. Los resultados de este estudio permitirán actualizar la educación alimentaria en la escuela y replantearse el curriculum desde una perspectiva que integre la enseñanza de ambas áreas desde la promoción de la salud.</subfield>
   </datafield>
   <datafield ind2=" " ind1=" " tag="520">
      <subfield code="a">Aquest treball pretén identificar els problemes més rellevants per a l'educació obligatòria en el camp de l'alimentació i l'activitat física des del punt de vista de l'educació per a la salut. Per a això, es va realitzar una revisió bibliogràfica i una consulta a experts a través d'un estudi Delphi i d'una trobada presencial. Aquesta combinació ha permès consensuar entre diferents sectors professionals no solament una llista de problemes i continguts competencials necessaris sinó també aquells considerats com a prescindibles. Els resultats d'aquest estudi permetran actualitzar l'educació alimentària a l'escola i replantejar-se el currículum des d'una perspectiva que integri l'ensenyament d'ambdues àrees des de la promoció de la salut.</subfield>
   </datafield>
   <datafield ind2=" " ind1=" " tag="520">
      <subfield code="a">During the secondary school years students tend to reduce their physical activity and they modify their eating habits in a negative way. The objectives of this study are to identify the most relevant health problems for the education in the fields of nutrition and physical activity, and the competencies needed to solve these problems. A literature review and a consultation to experts through a Delphi study and a meeting with experts were carried out in order to address these goals. This allows to agree among different professional sectors a list of problems and competence contents, considered necessary and dispensable. The results of this study could help to improve nutrition education at the school and to rethink the curriculum of science from a perspective that integrates the teaching of both areas, nutrition education and physical education.</subfield>
   </datafield>
   <datafield tag="653" ind2=" " ind1=" ">
      <subfield code="a">Educació alimentària</subfield>
   </datafield>
   <datafield tag="653" ind2=" " ind1=" ">
      <subfield code="a">Activitat física</subfield>
   </datafield>
   <datafield tag="653" ind2=" " ind1=" ">
      <subfield code="a">Educació obligatòria</subfield>
   </datafield>
   <datafield tag="653" ind2=" " ind1=" ">
      <subfield code="a">Competències</subfield>
   </datafield>
   <datafield tag="653" ind2=" " ind1=" ">
      <subfield code="a">Mètode delphi</subfield>
   </datafield>
   <datafield tag="653" ind2=" " ind1=" ">
      <subfield code="a">Nutrition education</subfield>
   </datafield>
   <datafield tag="653" ind2=" " ind1=" ">
      <subfield code="a">Physical activity</subfield>
   </datafield>
   <datafield tag="653" ind2=" " ind1=" ">
      <subfield code="a">Compulsory education</subfield>
   </datafield>
   <datafield tag="653" ind2=" " ind1=" ">
      <subfield code="a">Competencies</subfield>
   </datafield>
   <datafield tag="653" ind2=" " ind1=" ">
      <subfield code="a">Delphi method</subfield>
   </datafield>
   <datafield tag="653" ind2=" " ind1=" ">
      <subfield code="a">Educación alimentaria</subfield>
   </datafield>
   <datafield tag="653" ind2=" " ind1=" ">
      <subfield code="a">Actividad física</subfield>
   </datafield>
   <datafield tag="653" ind2=" " ind1=" ">
      <subfield code="a">Educación obligatoria</subfield>
   </datafield>
   <datafield tag="653" ind2=" " ind1=" ">
      <subfield code="a">Competencias</subfield>
   </datafield>
   <datafield tag="653" ind2=" " ind1=" ">
      <subfield code="a">Método delphi</subfield>
   </datafield>
   <datafield ind2="0" ind1="0" tag="245">
      <subfield code="a">¿Qué enseñar en la educación obligatoria acerca de la alimentación y la actividad física? Un estudio con expertos</subfield>
   </datafield>
</record></metadata></record></GetRecord></OAI-PMH>